MARC

LEADER 00000nam1a2200000 4500
001 300545
005 20231102001319.0
020 |a RU  |b 82-90688 
035 |a (RuTPU)RU\TPU\book\325698 
090 |a 300545 
100 |a 20150713d1982 km y0rusy5003 ca 
101 0 |a rus 
200 1 |a Программно-аппаратные методы управления данными  |f С. Н. Бушев, М. С. Бесфамильный  |g под ред. С. В. Емельянова 
210 |a Москва  |c Наука  |d 1982 
215 |a 240 с.  |c ил. 
225 1 |a Библиотечка программиста 
606 1 |a Вычислительные системы на интегральных микросхемах  |x Управление  |2 stltpush  |3 (RuTPU)RU\TPU\subj\4392  |9 32673 
610 1 |a данные 
610 1 |a ЕС ЭВМ 
610 1 |a структура 
610 1 |a логические структуры 
610 1 |a операционные системы 
610 1 |a построение 
610 1 |a принципы 
610 1 |a внешние запоминающие устройства 
610 1 |a вводно-выводные устройства 
610 1 |a режимы управления 
675 |a 681.324:621.382.049  |z rus  |v 3 
700 1 |a Бушев  |b С. Н.  |g Станислав Николаевич  |4 070 
701 1 |a Бесфамильный  |b М. С.  |g Михаил Серафимович  |4 070 
702 1 |a Емельянов  |b С. В.  |4 340 
801 0 |a RU  |b RuMRKP  |c 19950704  |g psbo 
801 1 |a RU  |b 63413507  |c 20150713 
801 2 |a RU  |b 63413507  |c 20180614  |g RCR 
942 |c BK